00541 2200181 4500001002100000005001500021035002000036007000300056008004100059020001800100082001200118084001800130100002500148245010200173260004500275300002200320650001700342INLIS00000000000142720260527020140 a0010-0526000004ta260527 0 ind  a9786020651927 a895.635 a895.635 KAW f0 aKawaguchi, Toshikazu1 aFuniculi Funicula :bKohi Ga Samenai Uchi Ni---Before the Coffee Gets Cold /cToshikazu Kawaguchi aJakarta :bGramedia Pustaka Utama,c2021 a224 ;c20x13,5 cm aFIKSI JEPANG